[Event "Challenge"]
[Site "http://www.queenalice.com/game.php?id=680148"]
[Date "2009.11.9"]
[Round "-"]
[White "karl_hungus"]
[Black "MarcD"]
[Result "0-1"]
[WhiteElo "1995"]
[BlackElo "2159"]

1. e4 c5 2. c3 d5 3. Bb5+ Bd7 4. Qb3 dxe4 5. Bc4 e6 6. Qxb7 Bc6 7. Bb5 Qb6 8.
Qxa8 Bxb5 9. Qxe4 Nf6 10. Qe3 Be7 11. h3 Nbd7 12. d3 O-O 13. c4 Bc6 14. Qg3 Rd8
15. Bh6 g6 16. b3 Nh5 17. Qh2 Bf6 18. Ne2 Bxa1 19. O-O Bg7 20. Bg5 Nhf6 21. h4
h5 22. Nd2 Qb8 23. Bf4 Qb7 24. Qh3 Nb8 25. Rd1 Na6 26. a3 Nc7 27. Qg3 Nce8 28.
Nc1 a6 29. Nf3 Bxf3 30. Qxf3 Qxf3 31. gxf3 Nd7 32. b4 Rc8 33. b5 axb5 34. cxb5
e5 35. Be3 Ra8 36. Nb3 Rxa3 37. Nxc5 Nxc5 38. Bxc5 Rb3 39. b6 Bf8 40. Be3 f5 41.
Rc1 f4 42. Bc5 Bxc5 43. Rxc5 Rxb6 44. Rxe5 Kf7 45. Re4 Rf6 46. d4 Nd6 47. Re1
Nf5 48. d5 Rd6 49. Rd1 Nxh4 50. Rd3 Kf6 51. Kf1 Ke5 52. Ke2 Rxd5 53. Rxd5+ Kxd5
0-1

[Event "Challenge"]
[Site "http://www.queenalice.com/game.php?id=680149"]
[Date "2009.11.9"]
[Round "-"]
[White "MarcD"]
[Black "karl_hungus"]
[Result "1/2-1/2"]
[WhiteElo "2159"]
[BlackElo "1870"]

1. d4 d5 2. Nf3 c5 3. c3 c4 4. Bf4 Qb6 5. Qc1 f6 6. Nbd2 Bf5 7. e3 Nd7 8. Be2 g5
9. Bg3 h5 10. h3 e6 11. Bd1 Bd3 12. Bc2 Bxc2 13. Qxc2 Ne7 14. Rb1 Qc6 15. e4
dxe4 16. Qxe4 Qxe4+ 17. Nxe4 Nf5 18. Bh2 g4 19. Nfd2 b5 20. a3 Nh4 21. Bd6 Nxg2+
22. Kf1 Nh4 23. hxg4 hxg4 24. Ke2 a6 25. Rbg1 f5 26. Bxf8 Nxf8 27. Nc5 Kf7 28.
f3 g3 29. Rxg3 Nfg6 30. Nf1 Nf4+ 31. Kd2 a5 32. Rhg1 Rag8 33. Rxg8 Rxg8 34. Rxg8
Kxg8 35. Ke3 Nhg6 36. Ng3 Kf7 37. Ne2 Nd5+ 38. Kf2 a4 39. Nd7 Nf6 40. Ne5+ Nxe5
41. dxe5 Ne8 42. f4 Nc7 1/2-1/2

[Event "NEBRASKA II"]
[Site "http://www.queenalice.com/game.php?id=682256"]
[Date "2009.11.13"]
[Round "-"]
[White "perucona"]
[Black "karl_hungus"]
[Result "0-1"]
[WhiteElo "1621"]
[BlackElo "1668"]

1. e4 e5 2. d4 exd4 3. Qxd4 Nc6 4. Qd5 Nf6 5. Qd3 Ne5 6. Qe2 Bb4+ 7. c3 Bc5 8.
b4 Bb6 9. Bb2 d6 10. Nf3 Qe7 11. Nxe5 Qxe5 12. Nd2 Bg4 13. f3 Be6 14. Rb1 Nh5
15. c4 Qg5 16. g4 Nf4 17. h4 Qe7 18. Qd1 f6 19. g5 fxg5 20. hxg5 Qxg5 21. c5
Qg3# 0-1

[Event "Challenge"]
[Site "http://www.queenalice.com/game.php?id=692556"]
[Date "2009.12.3"]
[Round "-"]
[White "karl_hungus"]
[Black "Sigmund"]
[Result "1-0"]
[WhiteElo "1964"]
[BlackElo "1780"]

1. e4 e5 2. f4 Nc6 3. Nc3 exf4 4. d4 Bb4 5. Ne2 Qh4+ 6. g3 fxg3 7. Nxg3 Nf6 8.
Bg2 O-O 9. Be3 Nxe4 10. Bxe4 Re8 11. Qd3 d6 12. O-O-O g6 13. Nd5 Ba5 14. Rdf1 f5
15. Bf3 Nb4 16. Nxb4 Bxb4 17. Qc4+ Kh8 18. Bf2 Qf4+ 19. Kb1 c5 20. Bd5 Qd2 21.
c3 f4 22. cxb4 fxg3 23. hxg3 Bf5+ 24. Ka1 Bd3 25. Qc3 Qxc3 26. bxc3 Rab8 27.
dxc5 dxc5 28. bxc5 Bxf1 29. Rxf1 b6 30. Bd4+ 1-0

[Event "Challenge"]
[Site "http://www.queenalice.com/game.php?id=694025"]
[Date "2009.12.6"]
[Round "-"]
[White "karl_hungus"]
[Black "Andrei_78"]
[Result "1-0"]
[WhiteElo "2000"]
[BlackElo "1691"]

1. e4 e5 2. Nf3 d6 3. Nc3 h6 4. d4 Bg4 5. Bc4 exd4 6. Nb5 a6 7. Nbxd4 b5 8. Bd5
Ra7 9. Be3 Nf6 10. Bc6+ Nfd7 11. Qd3 Be7 12. Qc3 O-O 13. Bd5 Nf6 14. O-O c6 15.
Nxc6 Nxc6 16. Qxc6 Bxf3 17. gxf3 Nxd5 18. Qxd5 Bf6 19. Bxa7 Qc7 20. Bd4 Bxd4 21.
Qxd4 Rd8 22. Qd3 Rc8 23. c3 Rd8 24. a4 Rb8 25. axb5 axb5 26. Rfd1 Qb6 27. b4 Rd8
28. Ra5 d5 29. Rxb5 Qg6+ 30. Kf1 d4 31. cxd4 Qd6 32. e5 Qe6 33. f4 Qc6 34. d5
Qd7 35. f5 Rf8 36. Rb6 Rd8 37. b5 Qc7 38. Qd4 Re8 39. d6 Qd7 40. Qe4 f6 41. e6
Qa7 42. d7 Rd8 43. Rc6 Qb7 44. Qd5 Kf8 45. Qd6+ Kg8 46. b6 Qa6+ 47. Kg2 Qb7 48.
e7 Rxd7 49. Qxd7 Qxd7 50. Rxd7 Kf7 51. b7 Ke8 52. b8=Q+ Kxd7 53. Qb7+ Ke8 54.
Rc8+ 1-0

[Event "Challenge"]
[Site "http://www.queenalice.com/game.php?id=696493"]
[Date "2009.12.11"]
[Round "-"]
[White "karl_hungus"]
[Black "Vladimir"]
[Result "1-0"]
[WhiteElo "1786"]
[BlackElo "1721"]

1. e4 e5 2. Nf3 Nc6 3. Bc4 Nf6 4. Nc3 Bb4 5. Nd5 Nxe4 6. Nxb4 Nxb4 7. Nxe5 Qf6
8. O-O d5 9. Nd3 dxc4 10. Nxb4 O-O 11. Nd5 Qg6 12. Ne7+ 1-0

[Event "Challenge"]
[Site "http://www.queenalice.com/game.php?id=698161"]
[Date "2009.12.15"]
[Round "-"]
[White "ZUMBI"]
[Black "karl_hungus"]
[Result "1-0"]
[WhiteElo "1876"]
[BlackElo "2007"]

1. e4 c5 2. Nf3 Nc6 3. Nc3 d6 4. Bb5 Bd7 5. O-O e5 6. d3 Nf6 7. Bg5 Be7 8. Bxf6
Bxf6 9. Nd5 O-O 10. a4 a6 11. Bc4 Rb8 12. g3 Na5 13. b4 Nxc4 14. dxc4 Bg4 15. h3
Bxh3 16. Re1 Bg4 17. b5 Qd7 18. Nb6 Qe6 19. a5 Bd8 20. Nd5 Qg6 21. b6 f5 22. Qd3
f4 23. Nh4 Qg5 24. Nc7 fxg3 25. fxg3 Qh6 26. Rf1 Bxh4 27. gxh4 Qxh4 28. Rxf8+
Rxf8 29. Rf1 Rxf1+ 30. Qxf1 h5 31. Nxa6 Qg5 32. Nc7 h4 33. Ne8 Bd7+ 34. Qg2
Qxg2+ 35. Kxg2 Bxe8 36. a6 Bc6 37. a7 Bxe4+ 38. Kh3 1-0

[Event "Challenge"]
[Site "http://www.queenalice.com/game.php?id=698162"]
[Date "2009.12.15"]
[Round "-"]
[White "karl_hungus"]
[Black "ZUMBI"]
[Result "1-0"]
[WhiteElo "1969"]
[BlackElo "1897"]

1. e4 e5 2. Bb5 Nf6 3. d3 a6 4. Ba4 b5 5. Bb3 c5 6. a3 a5 7. Nc3 b4 8. axb4 cxb4
9. Nd5 Be7 10. Nf3 O-O 11. Nxe5 d6 12. Nc4 Nc6 13. Be3 Be6 14. Nf4 d5 15. Nxe6
fxe6 16. Nd2 d4 17. Bf4 h6 18. Bxe6+ Kh8 19. Nf3 Bd6 20. e5 Ng4 21. Bg3 Bc7 22.
Bxg4 a4 23. O-O a3 24. bxa3 bxa3 25. Re1 Nb4 26. e6 Bxg3 27. hxg3 Qc7 28. Nxd4
Rad8 29. e7 Rfe8 30. exd8=Q Qxd8 31. Nb3 Rxe1+ 32. Qxe1 Nxc2 33. Qd1 Nxa1 34.
Qxa1 Qxd3 35. Qxa3 g5 36. Qf8+ Kh7 37. Bf5+ Qxf5 38. Qxf5+ Kh8 39. Nc5 g4 40.
Ne6 h5 41. Qf8+ Kh7 42. Qg7# 1-0

[Event "Challenge"]
[Site "http://www.queenalice.com/game.php?id=698293"]
[Date "2009.12.15"]
[Round "-"]
[White "Vladimir"]
[Black "karl_hungus"]
[Result "0-1"]
[WhiteElo "1746"]
[BlackElo "1927"]

1. d4 d5 2. c4 c6 3. Nc3 Qa5 4. Bd2 Qd8 5. Nf3 g6 6. e3 Nf6 7. h3 Bf5 8. c5 b6
9. cxb6 axb6 10. a3 b5 11. b4 Bg7 12. Be2 O-O 13. O-O Qd6 14. Ne5 Nbd7 15. f4
Ne4 16. Rf3 Bf6 17. Nxe4 Bxe4 18. Rg3 Bh4 19. Rg4 Bf6 20. Qf1 h5 21. Nxg6 fxg6
22. Rxg6+ Bxg6 23. f5 Bf7 24. Bf3 e6 25. fxe6 Qxe6 26. g4 h4 27. Qg2 Bg5 28. Kf2
Rfe8 29. Qh2 Bxe3+ 30. Bxe3 Qxe3+ 31. Kf1 Qxf3+ 32. Qf2 Qxh3+ 0-1

[Event "Challenge"]
[Site "http://www.queenalice.com/game.php?id=700399"]
[Date "2009.12.19"]
[Round "-"]
[White "piemme"]
[Black "karl_hungus"]
[Result "0-1"]
[WhiteElo "1738"]
[BlackElo "1965"]

1. e4 c5 2. c4 Nf6 3. Nc3 Nc6 4. d3 d6 5. f3 g6 6. Bg5 Bg7 7. Nge2 Qb6 8. b3 Qa5
9. a4 Nd7 10. Qc1 Nd4 11. Nf4 Nxb3 12. Qd1 Nxa1 13. Qxa1 Bxc3+ 0-1

[Event "Challenge"]
[Site "http://www.queenalice.com/game.php?id=700400"]
[Date "2009.12.19"]
[Round "-"]
[White "karl_hungus"]
[Black "piemme"]
[Result "1-0"]
[WhiteElo "1984"]
[BlackElo "1738"]

1. e4 e5 2. Nf3 d6 3. Nc3 Nf6 4. Bc4 h6 5. d4 c6 6. b4 b5 7. Bb3 a5 8. bxa5 Rxa5
9. dxe5 dxe5 10. Qxd8+ Kxd8 11. Nxe5 Bb4 12. Nxf7+ Kc7 13. Bd2 Re8 14. f3 Ra8
15. O-O Bc5+ 16. Kh1 Na6 17. Bf4+ Kb7 18. a4 Bd4 19. Nd6+ 1-0

[Event "Challenge"]
[Site "http://www.queenalice.com/game.php?id=705930"]
[Date "2009.12.30"]
[Round "-"]
[White "jamsession"]
[Black "karl_hungus"]
[Result "0-1"]
[WhiteElo "1588"]
[BlackElo "1991"]

1. e4 e5 2. Nf3 Nf6 3. Bc4 Nc6 4. O-O d6 5. Re1 Bg4 6. h3 Bh5 7. c3 h6 8. Bb3 g5
9. g4 Bg6 10. Bc2 Qd7 11. Kg2 h5 12. Nh2 hxg4 13. Nxg4 Nxg4 14. Qxg4 Qxg4+ 15.
hxg4 Rh4 16. f3 Ne7 17. d3 Bh6 18. Be3 Bg7 19. Bf2 Rh7 20. Nd2 O-O-O 21. Rh1
Rdh8 22. Rxh7 Rxh7 23. Be3 b6 24. Nf1 f6 25. Ng3 d5 26. d4 dxe4 27. fxe4 Rh4 28.
Kf3 Bf7 29. b3 Be6 30. Nf5 Nxf5 31. gxf5 Bf7 32. Kg3 Bh5 33. Rg1 Bf8 34. dxe5
fxe5 35. Bd3 Be7 36. a4 g4 37. Bf1 a5 38. Rg2 Rh3+ 39. Kf2 Bh4+ 40. Ke2 g3+ 41.
Kd3 Bf3 42. Rg1 Rh2 43. c4 g2 44. Be2 Bxe2+ 45. Kxe2 Kd7 46. Kf3 Rh3+ 47. Ke2
Rg3 48. Rb1 Bg5 49. Bf2 Rg4 50. Kd3 Rf4 51. Rb2 Bh4 52. Bg1 Rf3+ 53. Ke2 Rf1 54.
Rd2+ Ke8 55. Bh2 g1=Q 56. Bxg1 Rxg1 57. Kd3 Kd7 58. Kc2+ Kc6 59. Re2 Kc5 0-1

[Event "Challenge"]
[Site "http://www.queenalice.com/game.php?id=713531"]
[Date "2010.1.14"]
[Round "-"]
[White "karl_hungus"]
[Black "MarcD"]
[Result "0-1"]
[WhiteElo "1879"]
[BlackElo "2120"]

1. Nf3 d5 2. g3 Nf6 3. Bg2 c6 4. d3 Bg4 5. Bf4 e6 6. Nbd2 Be7 7. Ne5 Nbd7 8.
Ndf3 Bxf3 9. Bxf3 O-O 10. Ng4 Nxg4 11. Bxg4 Nf6 12. h3 Qb6 13. Be5 c5 14. Qd2
Rfd8 15. b3 Rac8 16. Bf3 c4 17. O-O Nd7 18. Bc3 Bf6 19. Bxf6 Nxf6 20. d4 a6 21.
Qf4 cxb3 22. cxb3 h6 23. e3 Rc3 24. g4 Qd6 25. Qxd6 Rxd6 26. h4 g5 27. hxg5 hxg5
28. Rac1 Rdc6 29. Rxc3 Rxc3 30. Kg2 Kg7 31. Bd1 Rc1 32. a4 Ne4 33. f4 Nc3 34.
Bf3 Rxf1 35. Kxf1 gxf4 36. exf4 b5 37. a5 Na2 38. Kf2 Nb4 39. Ke3 Nc6 40. f5
Nxa5 41. Bd1 Nc6 42. fxe6 fxe6 43. Be2 Kf6 44. Bd3 Kg5 45. Be2 Na5 46. Bd1 Nc6
47. Be2 Ne7 48. Kf3 Ng8 49. Kg3 Nf6 50. Bd1 Ne4+ 51. Kf3 Nf6 52. Kg3 Ng8 0-1

[Event "Challenge"]
[Site "http://www.queenalice.com/game.php?id=713532"]
[Date "2010.1.14"]
[Round "-"]
[White "MarcD"]
[Black "karl_hungus"]
[Result "1-0"]
[WhiteElo "2125"]
[BlackElo "1873"]

1. d4 d5 2. Nf3 Nf6 3. Bf4 Bf5 4. e3 c6 5. Bd3 Bg4 6. h3 Bh5 7. Nbd2 e6 8. O-O
Bd6 9. Bxd6 Qxd6 10. c3 Nbd7 11. Re1 e5 12. dxe5 Nxe5 13. Be2 Nxf3+ 14. Bxf3
Bxf3 15. Qxf3 O-O 16. Rad1 Qe5 17. Nb3 b6 18. Nd4 Rac8 19. Qf5 Rfe8 20. Qxe5
Rxe5 21. Nf3 Re7 22. Rc1 Ne4 23. c4 dxc4 24. Rxc4 c5 25. Rec1 f5 26. a4 a5 27.
Rd1 Kf7 28. Rd5 Kf6 29. Nd4 g6 30. Nb5 Ke6 31. Rd1 Rd7 32. Rxd7 Kxd7 33. Rc2 c4
34. Kf1 Rc5 35. Ke2 Kc6 36. Nd4+ Kd5 37. Nb5 Rc6 38. Nd4 Rc8 39. Nb5 Rd8 40.
Nc7+ Kd6 41. Nb5+ Kc5 42. Nd4 Rd7 43. b3 1-0

[Event "Challenge"]
[Site "http://www.queenalice.com/game.php?id=720025"]
[Date "2010.1.25"]
[Round "-"]
[White "karl_hungus"]
[Black "sivic79"]
[Result "0-1"]
[WhiteElo "1991"]
[BlackElo "1894"]

1. e4 e6 2. d4 d5 3. e5 c5 4. Bb5+ Nd7 5. Nf3 cxd4 6. Qxd4 a6 7. Bxd7+ Bxd7 8.
O-O Ne7 9. Bg5 Qc7 10. c3 Nf5 11. Qf4 Bc5 12. Nbd2 O-O 13. Rac1 h6 14. Bh4 f6
15. Bg3 fxe5 16. Qxe5 Bd6 17. Qe2 Nxg3 18. hxg3 Qb6 19. b4 Bxg3 20. Rfe1 Rae8
21. Nb3 Bb8 22. Nc5 Bb5 23. Qc2 e5 24. Qd2 Qd6 25. Nxb7 Qc6 26. Na5 Qd6 27. Nh2
e4 28. g3 Ba7 0-1

[Event "Challenge"]
[Site "http://www.queenalice.com/game.php?id=729783"]
[Date "2010.2.11"]
[Round "-"]
[White "karl_hungus"]
[Black "Bessi"]
[Result "1-0"]
[WhiteElo "1893"]
[BlackElo "1970"]

1. e4 c5 2. Nf3 Nc6 3. Nc3 g6 4. Bc4 Bg7 5. Ng5 e6 6. d3 Nf6 7. Nb5 d6 8. Bf4
Ne5 9. O-O a6 10. Nc3 O-O 11. Nf3 Nxc4 12. dxc4 e5 13. Bg5 Qd7 14. Qd3 Rb8 15.
Rfd1 Rd8 16. Nd5 Qe6 17. Bh4 b5 18. cxb5 axb5 19. b3 Bb7 20. c4 bxc4 21. bxc4
Qg4 22. a4 Bxd5 23. cxd5 Rd7 24. Re1 Rb4 25. h3 Qf4 26. Bg5 Rd4 27. Qa6 1-0

[Event "Challenge"]
[Site "http://www.queenalice.com/game.php?id=729784"]
[Date "2010.2.11"]
[Round "-"]
[White "Bessi"]
[Black "karl_hungus"]
[Result "1-0"]
[WhiteElo "1949"]
[BlackElo "1912"]

1. d4 e6 2. c4 b6 3. Nc3 Bb4 4. Nf3 Nf6 5. Qb3 Ba5 6. Bg5 Bb7 7. e3 d6 8. d5
exd5 9. cxd5 Bxd5 10. Qa4+ Nbd7 11. b4 h6 12. Bxf6 Qxf6 13. Nd4 Bxb4 14. Qxb4 c5
15. Nxd5 cxb4 16. Nxf6+ Nxf6 17. Nf5 O-O 18. Nxd6 a5 19. Bc4 a4 20. Rb1 Rad8 21.
Nf5 Rc8 22. Ne7+ 1-0

[Event "brancas"]
[Site "http://www.queenalice.com/game.php?id=736757"]
[Date "2010.2.23"]
[Round "-"]
[White "paloberto"]
[Black "karl_hungus"]
[Result "1-0"]
[WhiteElo "1894"]
[BlackElo "1916"]

1. d4 g6 2. c4 Nf6 3. Nc3 d6 4. Nf3 Bg7 5. e3 b6 6. Be2 Ng4 7. O-O O-O 8. Qc2 e5
9. h3 exd4 10. exd4 Nf6 11. Bg5 Bb7 12. Rfe1 Na6 13. a3 Re8 14. Nd2 Qd7 15. Bf3
d5 16. cxd5 Nxd5 17. Qd3 c6 18. Nxd5 cxd5 19. Rac1 Nc7 20. Rxe8+ Rxe8 21. Be3
Ne6 22. Bd1 b5 23. Nb3 Bf8 24. Nc5 Nxc5 25. dxc5 Bc6 26. b4 Qc7 27. Bb3 1-0

[Event "pretas"]
[Site "http://www.queenalice.com/game.php?id=736758"]
[Date "2010.2.23"]
[Round "-"]
[White "karl_hungus"]
[Black "paloberto"]
[Result "0-1"]
[WhiteElo "1897"]
[BlackElo "1892"]

1. e4 c5 2. Nf3 Nc6 3. Nc3 Nf6 4. Bb5 a6 5. Bxc6 dxc6 6. d3 e6 7. Bg5 Be7 8. Bf4
b5 9. O-O O-O 10. Ne5 Bb7 11. Qf3 Bd6 12. Qg3 Nh5 13. Qe3 Nxf4 14. Qxf4 f6 15.
Qe3 Bxe5 16. Qxc5 Qc7 17. g3 Rad8 18. a4 Bd4 19. Qb4 c5 20. Qb3 c4 21. dxc4 bxc4
22. Qb4 Bxc3 23. Qxc3 Bxe4 24. Rfe1 Qc6 25. h3 Bh1 26. Kf1 Bg2+ 27. Ke2 Qe4+ 28.
Qe3 Qxc2+ 0-1

[Event "Challenge"]
[Site "http://www.queenalice.com/game.php?id=744339"]
[Date "2010.3.10"]
[Round "-"]
[White "Knight1"]
[Black "karl_hungus"]
[Result "1-0"]
[WhiteElo "1880"]
[BlackElo "1936"]

1. e4 e5 2. Nf3 d6 3. d4 exd4 4. Nxd4 Nf6 5. Nc3 g6 6. Bc4 Bg7 7. O-O O-O 8. Bg5
c5 9. Ndb5 Qb6 10. Bxf6 Bxf6 11. Nd5 Qd8 12. Nbc7 1-0